| 000 | 00751cad a22002175a 4500 | ||
|---|---|---|---|
| 001 | L154010 | ||
| 008 | 111004e20110924xxk 000 0 eng d | ||
| 035 | _a(Sirsi) u154010 | ||
| 041 | 0 | _aeng | |
| 100 | 1 | _aBullivant, Ralph | |
| 245 | 0 | 0 | _aPut your e-cards on the table |
| 260 | _c2011 | ||
| 490 |
_aEstates Gazette _v(1138) 24 September 2011, 102-103(2) |
||
| 520 | _aExamines Practice Direction 31B Disclosure of electronic document and its importance for disclosure in civil litigation. | ||
| 590 | _aKA | ||
| 650 | 2 | 4 | _aCIVIL PROCEDURE RULES |
| 650 | 2 | 4 | _aPRACTICE DIRECTION ON DISCLOSURE OF ELECTRONIC DOCUMENTS 2010 |
| 651 | 4 |
_aEngland and Wales _y1543- |
|
| 690 | _aMANAGEMENT-BUSINESS MANAGEMENT-INFORMATION MANAGEMENT | ||
| 942 | _n0 | ||
| 999 |
_c83449 _d83449 |
||